000 nam a22 7a 4500
999 _c15303
_d15303
008 161028b xxu||||| |||| 00| 0 eng d
020 _a0780806298
020 _a9780780806290
050 _aRC 660.4 .D56 2003
100 _aMathews, Dawn D.
245 _aDiebetes sourcebook :
_bDiabetes sourcebook : basic consumer health information about type 1 diabetes (insulin-dependent or juvenile-onset diabetes), type 2 diabetes (noninsulin-dependent or adult-onset diabetes), gestational diabetes, impaired glucose tolerance (IGT), and related complications, such as amputation, eye disease, gum disease, nerve damage, and end-stage renal disease, including facts about insulin, oral diabetes medications, blood sugar testing, and the role of exercise and nutrition in the control of diabetes ; along with a glossary and resources for further help and information/
_cDawn D. Mathews.
250 _a3rd ed.
260 _aGriswold Street :
_bOmnigraphics,
_c2003.
300 _axii, 621p. :
_bill. ;
_c23cm.
500 _aIncludes bibliography and index.
650 _aDiebetes
_xpopular works.
942 _2lcc
_cBOOKS
_hRC 660.4 .D56 2003